[Event "TUR Cup"]
[Site "Antalya"]
[Date "2020.02.01"]
[Round "10"]
[White "Kalinoglu, Yagiz"]
[Black "Yalcindag, Hakan"]
[Result "1-0"]
[WhiteElo "1304"]
[BlackElo "1488"]
[PlyCount "87"]
[EventDate "2020.01.26"]
[EventType "swiss"]
[EventRounds "11"]
[EventCountry "TUR"]
[SourceTitle "CBM 194 Extra"]
[Source "ChessBase"]
[SourceDate "2020.03.31"]
[SourceVersion "1"]
[SourceVersionDate "2020.03.31"]
[SourceQuality "1"]

1. e4 c5 2. Nf3 d6 3. Bb5+ Bd7 4. Bxd7+ Qxd7 5. c4 Nc6 6. Nc3 Nf6 7. d4 cxd4 8. Nxd4 e6 9. 0-0 Be7 10. Be3 0-0 11. h3 Rac8 12. Qd2 a6 13. b3 Qc7 14. Rac1 Nd7 15. Rfd1 Qb8 16. Nce2 Rfd8 17. f3 Nf6 18. Nc3 Ne5 19. Qe2 Ng6 20. Bf2 Bf8 21. Bg3 Nh5 22. Bh2 Ngf4 23. Qe3 e5 24. Nde2 d5 25. Nxf4 Bc5 26. Qxc5 Rxc5 27. Nxh5 dxc4 28. bxc4 Rxd1+ 29. Rxd1 f6 30. Nd5 Kf7 31. Ne3 Kg6 32. Ng3 Qe8 33. Rd5 Rc7 34. Ne2 Qa4 35. f4 Qxa2 36. Kf2 exf4 37. Bxf4 Re7 38. Kf3 Qb1 39. Ng3 b5 40. c5 Qb3 41. c6 Qc3 42. Ngf5 Re8 43. c7 Rc8 44. Ne7+ 1-0

[Event "TUR Cup"]
[Site "Antalya"]
[Date "2020.01.30"]
[Round "8"]
[White "Suzan, Ufuk"]
[Black "Yalcindag, Hakan"]
[Result "1-0"]
[WhiteElo "1861"]
[BlackElo "1488"]
[PlyCount "141"]
[EventDate "2020.01.26"]
[EventType "swiss"]
[EventRounds "11"]
[EventCountry "TUR"]
[SourceTitle "CBM 194 Extra"]
[Source "ChessBase"]
[SourceDate "2020.03.31"]
[SourceVersion "1"]
[SourceVersionDate "2020.03.31"]
[SourceQuality "1"]

1. e4 c5 2. Nf3 d6 3. d4 cxd4 4. Qxd4 a6 5. c4 Nc6 6. Qd2 Nf6 7. Nc3 g6 8. b3 Bg7 9. Bb2 0-0 10. 0-0-0 Rb8 11. h3 Qa5 12. a3 Nd7 13. Nd5 Nc5 14. Qc2 Bxb2+ 15. Kxb2 b5 16. cxb5 axb5 17. b4 Na4+ 18. Ka2 Qa6 19. Qxc6 Qxc6 20. Nxe7+ Kg7 21. Nxc6 Rb6 22. Rxd6 Nc3+ 23. Kb2 Nxe4 24. Rd4 Nxf2 25. Rg1 Rxc6 26. Bxb5 Re6 27. Rf1 Ne4 28. Re1 Ng5 29. Rxe6 Nxe6 30. Rd2 Kf6 31. Bc6 Rd8 32. Kc3 Rxd2 33. Nxd2 Ke7 34. Kc4 Kd6 35. b5 f5 36. a4 Nc5 37. a5 Be6+ 38. Kb4 Nd3+ 39. Kc3 Ne5 40. Ba8 Kc5 41. b6 Kb5 42. Nf3 Kxa5 43. Nxe5 Kxb6 44. Kd4 Kc7 45. Bd5 Kd6 46. Bxe6 Kxe6 47. h4 Kf6 48. Nd7+ Kg7 49. Ke5 Kh6 50. g3 Kh5 51. Kf4 Kh6 52. Ne5 Kg7 53. Kg5 h6+ 54. Kf4 Kf6 55. Nd7+ Ke6 56. Nb6 Kf6 57. Nd5+ Ke6 58. Ne3 Kf6 59. h5 gxh5 60. Nxf5 Kg6 61. Nh4+ Kf6 62. Nf3 Kg6 63. Ke5 h4 64. Nxh4+ Kg5 65. Nf5 Kg4 66. Kf6 Kh5 67. Nxh6 Kxh6 68. g4 Kh7 69. g5 Kg8 70. Kg6 Kh8 71. Kf7 1-0

[Event "TUR Cup"]
[Site "Antalya"]
[Date "2020.01.30"]
[Round "7"]
[White "Yalcindag, Hakan"]
[Black "Nay, Ali Dogan"]
[Result "1/2-1/2"]
[WhiteElo "1488"]
[BlackElo "1260"]
[PlyCount "117"]
[EventDate "2020.01.26"]
[EventType "swiss"]
[EventRounds "11"]
[EventCountry "TUR"]
[SourceTitle "CBM 194 Extra"]
[Source "ChessBase"]
[SourceDate "2020.03.31"]
[SourceVersion "1"]
[SourceVersionDate "2020.03.31"]
[SourceQuality "1"]

1. c4 Nf6 2. g3 c5 3. Bg2 g6 4. Nc3 Bg7 5. e3 0-0 6. Nf3 Nc6 7. d4 d6 8. 0-0 a6 9. Re1 Qc7 10. a3 Bf5 11. b3 Rab8 12. Bb2 b5 13. cxb5 axb5 14. Rc1 c4 15. b4 e5 16. d5 Ne7 17. e4 Bd7 18. Rc2 Ne8 19. Bc1 h6 20. Be3 f5 21. Qd2 fxe4 22. Nxe4 Nf5 23. Rc3 Nxe3 24. Qxe3 Bf5 25. Nh4 Qf7 26. Rd1 Kh7 27. h3 Bf6 28. Nf3 Bxe4 29. Qxe4 Bg7 30. Qh4 Bf6 31. Qe4 Bg7 32. Re3 Nf6 33. Qc2 Ng8 34. Nh4 Bf6 35. Nxg6 Kg7 36. Nxf8 Rxf8 37. Be4 Qh5 38. Kg2 Bg5 39. Rf3 Nf6 40. Re1 Bd2 41. g4 Qg5 42. Rf5 Bxe1 43. Rxg5+ hxg5 44. Bf3 c3 45. Qf5 Bd2 46. Bd1 Nxd5 47. Qd7+ Rf7 48. Qxd6 Nf4+ 49. Kg3 Ng6 50. Bc2 Rf6 51. Qd7+ Rf7 52. Qxb5 Nh4 53. Qxe5+ Kg8 54. Qe8+ Kg7 55. Qe5+ Kg8 56. Qe8+ Kg7 57. Kh2 Rxf2+ 58. Kg1 Rg2+ 59. Kf1 1/2-1/2

[Event "TUR-chT2"]
[Site "Konya"]
[Date "2017.07.12"]
[Round "6.15"]
[White "Genc, Ugur Can"]
[Black "Yalcindag, Hakan"]
[Result "1-0"]
[WhiteElo "1318"]
[BlackElo "1348"]
[PlyCount "83"]
[EventDate "2017.07.09"]
[EventType "team-swiss"]
[EventRounds "9"]
[EventCountry "TUR"]
[SourceTitle "CBM 179 Extra"]
[Source "ChessBase"]
[SourceDate "2017.08.23"]
[SourceVersion "1"]
[SourceVersionDate "2017.08.23"]
[SourceQuality "1"]
[WhiteTeam "Genclik Elazig"]
[BlackTeam "Genclik Il Mudurlugu"]
[WhiteTeamCountry "TUR"]
[BlackTeamCountry "TUR"]

1. e4 c5 2. Nf3 d6 3. Qe2 Nc6 4. g3 Qc7 5. Bg2 Nf6 6. d3 g6 7. Bg5 Bg7 8. c3 a6 9. a4 0-0 10. 0-0 Re8 11. Na3 Nd7 12. Nd2 Nb6 13. Nac4 Nxc4 14. Nxc4 Be6 15. Nd2 Qb6 16. Nf3 Rab8 17. Rfd1 Ne5 18. Nxe5 Bxe5 19. Be3 Bg7 20. f4 Qc7 21. d4 cxd4 22. cxd4 Qd7 23. Qf1 f5 24. e5 Bb3 25. Rdc1 b5 26. axb5 Qxb5 27. Qxb5 axb5 28. Rc7 Bf8 29. Ra5 Bc4 30. Raa7 d5 31. Bd2 Ra8 32. Kf2 Rxa7 33. Rxa7 e6 34. Bf3 Rb8 35. g4 Bd3 36. h3 b4 37. Be2 Be4 38. Ra6 Kf7 39. Ra7+ Be7 40. Ba6 fxg4 41. hxg4 h5 42. f5 1-0

[Event "TUR-chT2"]
[Site "Konya"]
[Date "2017.07.11"]
[Round "4.9"]
[White "Sahin, Alperen"]
[Black "Yalcindag, Hakan"]
[Result "1/2-1/2"]
[WhiteElo "1485"]
[BlackElo "1348"]
[PlyCount "92"]
[EventDate "2017.07.09"]
[EventType "team-swiss"]
[EventRounds "9"]
[EventCountry "TUR"]
[SourceTitle "CBM 179 Extra"]
[Source "ChessBase"]
[SourceDate "2017.08.23"]
[SourceVersion "1"]
[SourceVersionDate "2017.08.23"]
[SourceQuality "1"]
[WhiteTeam "Onay"]
[BlackTeam "Genclik Il Mudurlugu"]
[WhiteTeamCountry "TUR"]
[BlackTeamCountry "TUR"]

1. e4 c5 2. Nf3 d6 3. d4 cxd4 4. Nxd4 Nc6 5. Nc3 Nf6 6. Be2 g6 7. Be3 Bg7 8. 0-0 a6 9. h3 Bd7 10. Qd2 Rc8 11. Nxc6 Bxc6 12. Bf3 0-0 13. Bh6 Nd7 14. Bxg7 Kxg7 15. Bg4 h5 16. Bxd7 Qxd7 17. Rad1 f6 18. Rfe1 Rfd8 19. Re3 b5 20. Qe2 Qe8 21. f4 Qf7 22. Rg3 Kh7 23. Re3 Qc4 24. Qxc4 bxc4 25. Nd5 Bxd5 26. exd5 Rd7 27. Rde1 Rcc7 28. Ra3 Ra7 29. Re4 Rdc7 30. c3 Kg7 31. Kf2 Kf7 32. Ra5 Rcb7 33. Rxc4 Rxb2+ 34. Kf3 Rb5 35. Rca4 Rxa5 36. Rxa5 Rc7 37. Ra3 e6 38. Ke4 Rc4+ 39. Ke3 exd5 40. g3 Ke6 41. Kd3 Rc6 42. Kd4 Rc4+ 43. Ke3 Rc6 44. Rb3 a5 45. Kd3 Rc4 46. Rb2 Ra4 1/2-1/2